| 000 | 00377nam a22001217a 4500 | ||
|---|---|---|---|
| 008 | 160805b xxu||||| |||| 00| 0 eng d | ||
| 050 | _aBX 6154.B53 1967 | ||
| 100 | _d1967 | ||
| 245 | _aBible readings for the home / | ||
| 260 |
_aCanada; _bPacific press publishing association/ _c1967. |
||
| 300 | _avii, 568 p. : ill. | ||
| 942 |
_2lcc _cBOOKS _hBX 6154.B53 1967 |
||
| 999 |
_c12621 _d12621 |
||